Hindanā Saradāra. (Record no. 72374)

MARC details
000 -LEADER
fixed length control field 00545cam a22002171 4500
001 - CONTROL NUMBER
control field sa 67001094
003 - CONTROL NUMBER IDENTIFIER
control field DLC
005 - DATE AND TIME OF LATEST TRANSACTION
control field 20260227112319.0
008 - FIXED-LENGTH DATA ELEMENTS--GENERAL INFORMATION
fixed length control field 890426s1963 ii 000 0 gujo
010 ## - LIBRARY OF CONGRESS CONTROL NUMBER
LC control number sa 67001094
035 ## - SYSTEM CONTROL NUMBER
System control number (OCoLC)19609203
040 ## - CATALOGING SOURCE
Original cataloging agency DLC
Transcribing agency WaU
Modifying agency DLC
042 ## - AUTHENTICATION CODE
Authentication code premarc
050 00 - LIBRARY OF CONGRESS CALL NUMBER
Classification number DS481.P35
Item number P43
100 1# - MAIN ENTRY--PERSONAL NAME
Personal name Patel, Ravjibhai Manibhai,
Dates associated with a name 1887-
245 10 - TITLE STATEMENT
Title Hindanā Saradāra.
260 ## - PUBLICATION, DISTRIBUTION, ETC.
Date of publication, distribution, etc. [1963]
300 ## - PHYSICAL DESCRIPTION
Extent 11, 279 p.
Dimensions 18 cm.
500 ## - GENERAL NOTE
General note In Gujarati.
600 10 - SUBJECT ADDED ENTRY--PERSONAL NAME
Personal name Patel, Vallabhbhai,
Dates associated with a name 1875-1950.

No items available.

Powered by Koha